| 000 | 01171nam a22002057a 4500 | ||
|---|---|---|---|
| 999 |
_c58218 _d58218 |
||
| 003 | Ge_BSU | ||
| 005 | 20210916132320.0 | ||
| 008 | 210916s2021 ge ||||| |||| 00| 0 geo d | ||
| 020 | _a9789941835353 | ||
| 041 | _ageo | ||
| 080 | _a1(479.22)(092ხიდაშელი) მ-44 | ||
| 100 |
_aმახარაძე, მიხეილ _912498 |
||
| 245 |
_aშალვა ხიდაშელი : _bცხოვრება და შემოქმედებითი მოღვაწეობა / _c მიხეილ მახარაძე ; რედაქტორი როინ მეტრეველი ; საქართველოს მეცნიერებათა ეროვნული აკადემია. |
||
| 264 |
_aთბილისი, _c2021. |
||
| 300 |
_a158 გვ. : _bფოტ. ; _c20 სმ. |
||
| 504 | _aშ, ხადაშელის ნაშრომების ბიბლიოგრაფია გვ. 146-153 | ||
| 653 | _aხიდაშელი, შალვა, 1911-1994 | ||
| 700 |
_aმეტრეველი, როინ _eრედაქტორი _912499 |
||
| 942 |
_2udc _cBK |
||